[Event "Capablanca Memorial op-A 46th"]
[Site "Havana"]
[Date "2011.05.20"]
[Round "9"]
[White "Cordero Suarez, Greisy"]
[Black "Balanza Llama, Claudia de la C"]
[Result "1-0"]
[WhiteElo "2116"]
[BlackElo "1976"]
[PlyCount "79"]
[EventDate "2011.05.11"]
[EventType "swiss"]
[EventRounds "10"]
[EventCountry "CUB"]
[SourceTitle "CBM 142 Extra"]
[Source "ChessBase"]
[SourceDate "2011.06.27"]
[SourceVersion "1"]
[SourceVersionDate "2011.06.27"]
[SourceQuality "1"]

1. e4 g6 2. g3 c6 3. d3 d5 4. Nd2 Bg7 5. Bg2 Nf6 6. Ne2 e5 7. 0-0 0-0 8. h3 Na6 9. f4 exf4 10. gxf4 dxe4 11. dxe4 Nc5 12. Ng3 Qd4+ 13. Kh2 Re8 14. Qf3 h5 15. Ne2 Qd8 16. Nc3 Ne6 17. Nc4 h4 18. Rd1 Qe7 19. e5 Nd7 20. Ne4 f6 21. Ned6 Rf8 22. Qe4 fxe5 23. fxe5 Nec5 24. Qxg6 Nxe5 25. Qh5 Nxc4 26. Nxc4 Rf5 27. Qg6 Rf6 28. Qg5 Bf5 29. Qxh4 Bxc2 30. Re1 Qc7+ 31. Kh1 Nd3 32. Bg5 Nxe1 33. Rxe1 Rf7 34. Ne3 Bd3 35. Ng4 Qd6 36. Bh6 Qg6 37. Bxg7 Kxg7 38. Ne5 Qh6 39. Qxh6+ Kxh6 40. Nxf7+ 1-0

[Event "Capablanca Memorial op-A 46th"]
[Site "Havana"]
[Date "2011.05.13"]
[Round "3"]
[White "Llaudy Pupo, Lisandra"]
[Black "Cordero Suarez, Greisy"]
[Result "1/2-1/2"]
[WhiteElo "2216"]
[BlackElo "2116"]
[PlyCount "29"]
[EventDate "2011.05.11"]
[EventType "swiss"]
[EventRounds "10"]
[EventCountry "CUB"]
[SourceTitle "CBM 142 Extra"]
[Source "ChessBase"]
[SourceDate "2011.06.27"]
[SourceVersion "1"]
[SourceVersionDate "2011.06.27"]
[SourceQuality "1"]

1. e4 e6 2. Qe2 c5 3. Nf3 Nc6 4. g3 g6 5. Bg2 Bg7 6. 0-0 Nge7 7. c3 d6 8. Rd1 e5 9. Na3 0-0 10. Nc2 f5 11. d3 h6 12. a3 a5 13. a4 Be6 14. Nd2 f4 15. Nc4 1/2-1/2

[Event "Capablanca Memorial op-A 46th"]
[Site "Havana"]
[Date "2011.05.11"]
[Round "1"]
[White "Ordaz Valdes, Lisandra Teresa"]
[Black "Cordero Suarez, Greisy"]
[Result "1-0"]
[WhiteElo "2348"]
[BlackElo "2116"]
[PlyCount "67"]
[EventDate "2011.05.11"]
[EventType "swiss"]
[EventRounds "10"]
[EventCountry "CUB"]
[SourceTitle "CBM 142 Extra"]
[Source "ChessBase"]
[SourceDate "2011.06.27"]
[SourceVersion "1"]
[SourceVersionDate "2011.06.27"]
[SourceQuality "1"]

1. d4 Nf6 2. c4 e6 3. Nc3 Bb4 4. Qc2 0-0 5. a3 Bxc3+ 6. Qxc3 b6 7. Bg5 Bb7 8. f3 h6 9. Bh4 d5 10. e3 Re8 11. Bd3 Nbd7 12. Ne2 c5 13. cxd5 exd5 14. 0-0 Qe7 15. Bf2 c4 16. Bc2 b5 17. Ng3 a5 18. Nf5 Qf8 19. Qd2 g6 20. Ng3 Bc6 21. Rae1 b4 22. e4 Bb5 23. e5 c3 24. bxc3 bxc3 25. Qxc3 Bxf1 26. Kxf1 Rac8 27. Qd3 Nh7 28. f4 Qg7 29. f5 Nhf8 30. Ba4 Rc7 31. Qb5 gxf5 32. Qxa5 Ne6 33. Bxd7 Rxd7 34. Nh5 1-0

[Event "Havana Province-ch 1st Cat (Women)"]
[Site "Havana"]
[Date "2010.10.19"]
[Round "1"]
[White "Cordero Suarez, Greisy"]
[Black "Pages Roman, Seidy"]
[Result "1-0"]
[WhiteElo "2024"]
[BlackElo "1973"]
[PlyCount "65"]
[EventDate "2010.10.19"]
[EventType "tourn"]
[EventRounds "14"]
[EventCountry "CUB"]
[SourceTitle "EXT 2019"]
[Source "ChessBase"]
[SourceDate "2018.10.10"]
[SourceVersion "1"]
[SourceVersionDate "2018.10.10"]
[SourceQuality "1"]

1. e4 e5 2. Bc4 Nf6 3. Nf3 Nc6 4. d3 Bc5 5. c3 a6 6. Bb3 Ba7 7. Nbd2 d6 8. Nf1 Ne7 9. Ng3 Ng6 10. 0-0 0-0 11. d4 h6 12. Re1 Re8 13. h3 Be6 14. Bc2 Bd7 15. Be3 Bc6 16. d5 Bd7 17. Qd2 Bxe3 18. fxe3 Nh7 19. Nf5 Ng5 20. Nh2 Ne7 21. Rf1 Nxf5 22. exf5 e4 23. Rf4 c6 24. Bb3 Re5 25. Raf1 cxd5 26. Ng4 Re8 27. h4 Nh7 28. Qxd5 Qe7 29. f6 Nxf6 30. Nxf6+ gxf6 31. Rxf6 Be6 32. Qh5 Bxb3 33. axb3 1-0

[Event "Havana-ch phase1 (Women)"]
[Site "Havana"]
[Date "2009.10.17"]
[Round "11"]
[White "Cordero Suarez, Greisy"]
[Black "Castillo Coca, Mairebys"]
[Result "0-1"]
[WhiteElo "1986"]
[BlackElo "2088"]
[PlyCount "72"]
[EventDate "2009.10.03"]
[EventType "tourn"]
[EventRounds "11"]
[EventCountry "CUB"]
[EventCategory "1"]
[SourceTitle "EXT 2012"]
[Source "ChessBase"]
[SourceDate "2011.11.24"]
[SourceVersion "1"]
[SourceVersionDate "2011.11.24"]
[SourceQuality "1"]

1. e4 c5 2. Nc3 e6 3. g3 Nc6 4. Bg2 d6 5. d3 Nge7 6. Be3 Nd4 7. Nce2 Nec6 8. c3 Nxe2 9. Nxe2 Be7 10. f4 0-0 11. 0-0 d5 12. Bf2 d4 13. c4 Rb8 14. Qd2 Bd7 15. a4 a6 16. a5 b6 17. axb6 Qxb6 18. Rfb1 h6 19. h3 Nb4 20. g4 f5 21. gxf5 exf5 22. e5 Bc6 23. Bg3 Bxg2 24. Kxg2 Qc6+ 25. Kf2 Rb6 26. Ng1 Qh1 27. Nf3 Qxh3 28. Rh1 Qg4 29. Rag1 Rfb8 30. Bh4 Nxd3+ 31. Qxd3 Bxh4+ 32. Rxh4 Rxb2+ 33. Kf1 Rb1+ 34. Ne1 Rxe1+ 35. Kxe1 Qxg1+ 36. Ke2 Rb2+ 0-1

[Event "Havana-ch phase1 (Women)"]
[Site "Havana"]
[Date "2009.10.07"]
[Round "5"]
[White "Romero Nunez, Wendy"]
[Black "Cordero Suarez, Greisy"]
[Result "1-0"]
[WhiteElo "2058"]
[BlackElo "1986"]
[PlyCount "125"]
[EventDate "2009.10.03"]
[EventType "tourn"]
[EventRounds "11"]
[EventCountry "CUB"]
[EventCategory "1"]
[SourceTitle "EXT 2012"]
[Source "ChessBase"]
[SourceDate "2011.11.24"]
[SourceVersion "1"]
[SourceVersionDate "2011.11.24"]
[SourceQuality "1"]

1. d4 Nf6 2. Nf3 e6 3. c4 b6 4. g3 Ba6 5. b3 Bb4+ 6. Bd2 Be7 7. Bg2 Bb7 8. Nc3 0-0 9. Qc2 d5 10. 0-0 Nbd7 11. Rfe1 c5 12. cxd5 Nxd5 13. dxc5 Nxc5 14. Rad1 Nxc3 15. Bxc3 Qc8 16. Qb2 f6 17. Rc1 Qe8 18. Nd4 Bxg2 19. Kxg2 e5 20. Nf5 Qc6+ 21. Kg1 Qe6 22. Nxe7+ Qxe7 23. Bb4 Rac8 24. Qa3 Rf7 25. Rc4 Qd6 26. Rec1 Rfc7 27. Bxc5 bxc5 28. Qa5 Qb6 29. Qc3 a5 30. Ra4 Ra7 31. Qc4+ Kf8 32. Qd5 Ke7 33. Qe4 g6 34. Qh4 Ke8 35. Qc4 Ke7 36. h4 Rd7 37. Qc3 Ra7 38. h5 g5 39. Rc4 Rac7 40. Qc2 Ke6 41. g4 Qd6 42. Qf5+ Kf7 43. Qxh7+ Kf8 44. Qc2 Qe6 45. f3 Kg8 46. a3 Qb6 47. Kg2 Kf8 48. b4 axb4 49. axb4 Rd7 50. bxc5 Qc6 51. Qe4 Qe6 52. c6 Rdc7 53. Rc5 Kg8 54. Qc4 Qxc4 55. R1xc4 Kg7 56. Kf2 Rd8 57. Ke3 Rd6 58. Ke4 Rd2 59. Rd5 Rxe2+ 60. Kd3 Re1 61. Rd7+ Rxd7+ 62. cxd7 Ra1 63. Rc8 1-0

[Event "Havana Province-ch sf (Women)"]
[Site "Havana"]
[Date "2009.09.27"]
[Round "9"]
[White "Valdes Alarcon, Elizabeth"]
[Black "Cordero Suarez, Greisy"]
[Result "0-1"]
[WhiteElo "2008"]
[BlackElo "1986"]
[PlyCount "38"]
[EventDate "2009.09.19"]
[EventType "swiss"]
[EventRounds "9"]
[EventCountry "CUB"]
[EventCategory "1"]
[SourceTitle "EXT 2012"]
[Source "ChessBase"]
[SourceDate "2011.11.24"]
[SourceVersion "1"]
[SourceVersionDate "2011.11.24"]
[SourceQuality "1"]

1. e4 e5 2. Bc4 Nf6 3. d3 Bc5 4. Nf3 Nc6 5. c3 Bb6 6. Bb3 d6 7. Nbd2 0-0 8. Nf1 Be6 9. Bc2 Ne7 10. Ng3 Ng6 11. 0-0 d5 12. Re1 dxe4 13. dxe4 c6 14. Nf5 Ng4 15. Ne3 Qf6 16. h3 Rad8 17. Nxg4 Bxg4 18. Bg5 Rxd1 19. Bxf6 Rxa1 0-1

[Event "Havana Giraldilla Talents op 3rd"]
[Site "Havana"]
[Date "2009.08.18"]
[Round "5"]
[White "Mijares de Armas, Leonardo"]
[Black "Cordero Suarez, Greisy"]
[Result "1/2-1/2"]
[WhiteElo "1954"]
[BlackElo "1971"]
[PlyCount "31"]
[EventDate "2009.08.14"]
[EventType "swiss"]
[EventRounds "9"]
[EventCountry "CUB"]
[EventCategory "1"]
[SourceTitle "EXT 2012"]
[Source "ChessBase"]
[SourceDate "2011.11.24"]
[SourceVersion "1"]
[SourceVersionDate "2011.11.24"]
[SourceQuality "1"]

1. d4 Nf6 2. Nf3 e6 3. Bf4 b6 4. e3 Bb7 5. Bd3 Be7 6. c3 0-0 7. Nbd2 d6 8. Qc2 Nbd7 9. 0-0 Re8 10. e4 Nh5 11. Bg3 Nxg3 12. hxg3 e5 13. dxe5 dxe5 14. b4 Bf8 15. Rfe1 h5 16. Qb3 1/2-1/2